[Event "Ankara FIDE GP (Women)"]
[Site "Ankara"]
[Date "2012.09.19"]
[Round "4"]
[White "Cmilyte, Viktorija"]
[Black "Stefanova, Antoaneta"]
[Result "1-0"]
[WhiteElo "2520"]
[BlackElo "2502"]
[Annotator "Mikhalchishin,A"]
[PlyCount "83"]
[EventDate "2012.09.16"]
[EventType "tourn"]
[EventRounds "11"]
[EventCountry "TUR"]
[EventCategory "10"]
[SourceTitle "CBM 151"]
[Source "ChessBase"]
[SourceDate "2012.11.13"]
[SourceVersion "1"]
[SourceVersionDate "2012.11.13"]
[SourceQuality "1"]

1. d4 d5 2. c4 c6 3. Nf3 Nf6 4. Nc3 e6 5. e3 Nbd7 6. Qc2 Bd6 7. Bd2 {Cmilyte
choses a rare aggressive line with long castling.} Qe7 ({Better is not to
decide about the queen's position yet:} 7... O-O 8. O-O-O (8. Bd3 Qe7 9. O-O-O
({More timid castling is useless in this system} 9. O-O e5 $1 {This central
counterstrike is a key element of Black's plan} 10. cxd5 cxd5 11. e4 exd4 12.
Nxd5 Nxd5 13. exd5 Ne5 $1 14. Nxe5 (14. Nxd4 Qh4 (14... Nxd3 15. Qxd3 Qe5 16.
Nf3 Qxb2 17. Ng5 f5 18. Bc3 Qb6 19. Rfe1 Bd7 20. Ne6 $16) 15. f4 Ng4 16. Nf3
$16) 14... Qxe5 15. Bxh7+ Kh8 16. f4 Qxd5 17. Be4 Qh5 (17... d3 18. Bxd5 dxc2
19. Be4 Rd8 20. Bc3 $16) 18. Qd3 Bg4 19. Rae1 Rae8 20. h3 Bc8 $11 {Georgiev,K 
(2615)-Khalifman,A (2645)/Pardubice 1994}) 9... e5 $5 10. e4 $6 (10. dxe5 Nxe5
11. Nxe5 Bxe5) 10... dxc4 11. Bxc4 exd4 12. Nxd4 Ne5 13. Be2 Bc5 $1 14. Be1 (
14. Be3 Nfg4) 14... Rd8 $15 15. Nb3 Be6 $1 16. f3 (16. Nxc5 Qxc5 $15) 16...
Be3+ 17. Kb1 a5 18. Rxd8+ Qxd8 19. Bg3 Nc4 $6 (19... Nfd7 $15) 20. Nd1 $1 $11 {
1/2 Lutikov,A-Vaganian,R/Moscow 1972}) 8... c5 ({There is the very interesting
typical pawn sacrifice} 8... b5 $5 9. cxb5 c5 10. e4 Bb7 11. exd5 exd5 12. Qf5
g6 $5 {N} (12... Re8) (12... Qc7) 13. Qh3 c4 14. Bg5 Qc7 15. Ne5 Nxe5 16. Bxf6
Nd7 17. Bg5 a6 18. b6 Nxb6 19. Bh6 Rfe8 20. Qf3 Re6 21. h4 Rae8 22. h5 Qe7 $13
{Timoshchenko,V (2520)-Sveshnikov,E (2585)/Moskva (rapid) 1994}) 9. cxd5 exd5
10. Ng5 h6 $5 11. h4 $5 Re8 $1 12. Bd3 $5 Nf8 $5 {/\ hg5} 13. dxc5 Bxc5 14. Nf3
Be6 $6 (14... Bg4 15. Kb1 Rc8 16. Bf5 Bxf5 17. Qxf5 Qd7 $13) 15. Nd4 $5 Rc8 16.
f3 N6d7 $5 17. Kb1 (17. g4 $5 Ne5 18. Be2 Bxd4 (18... Nc4 19. Bxc4 Bxd4 20. Bb5
Bxc3 21. Bxc3 $14) 19. exd4 Nc4 $13) 17... a6 {/\ b5-b4<=><<} 18. Nxe6 (18. g4
Ne5 19. Be2 b5 20. g5 h5 21. f4 Bxd4 22. exd4 Bg4 $1 $15) 18... fxe6 19. f4 $5
{/\ f5 ><d5} b5 20. f5 Nf6 (20... b4 21. fxe6 Nf6 22. Ne2 Bxe3 23. Qb3 Bxd2 24.
Rxd2 $36) 21. Qb3 {Avrukh,B (2550)-Gurevich,M (2620)/Antwerpen (open) 1997.M.
Gurevich; with very sharp play.}) 8. O-O-O dxc4 (8... O-O {was possible} 9. Kb1
(9. e4 Nxe4 10. Nxe4 dxe4 11. Qxe4 e5 12. Bg5 Qe6 (12... Nf6 $142 13. Bxf6 gxf6
14. Kb1 f5) 13. dxe5 Nxe5 14. Rxd6 Qxd6 15. Nxe5 Re8 16. Bf4 f6 (16... g5 17.
Bg3 f5 18. c5 Qxc5+ 19. Qc4+ $16) 17. Bd3 g6 18. c5 Qe7 19. Re1 Qxc5+ 20. Qc4+
Qxc4+ 21. Bxc4+ Be6 22. Bxe6+ Rxe6 23. Nd3 Rxe1+ 24. Nxe1 Rd8 25. Be3 {Erdogan,
H- Salgado Lopez,I,Konya 2009 (73); with insufficient black compensation.})
9... a6 10. cxd5 cxd5 11. Bd3 Rd8 12. g4 Nf8 13. g5 Nh5 14. Ne2 Bd7 15. Ng3
Rdc8 16. Bc3 Nxg3 17. hxg3 g6 18. Qe2 b5 19. e4 {Kholmov,R-Kiriatsky/Lithuania
1955; with advantage.}) 9. Bxc4 b5 10. Bd3 Bb7 (10... b4 {was not very
promising:} 11. Ne2 O-O 12. e4 e5 13. Kb1 Bb7 14. dxe5 Bxe5 (14... Nxe5 15.
Nxe5 Bxe5 16. f4 Bc7 17. e5 $16) 15. Ng3 c5 16. Nf5 Qd8 17. Rhe1 {with a clear
advantage.}) 11. e4 e5 12. dxe5 Bxe5 ({White would obtain a very strong
initiative after} 12... Nxe5 13. Nxe5 (13. Nxe5) 13... Bxe5 14. f4 Bd4 15. e5
Ng4 16. Ne4 O-O 17. Kb1 c5 18. h3 Nh6 19. Nd6 Bxg2 20. Rhe1 $16) 13. Nxe5 Nxe5
14. Bg5 ({It was more precise to keep the pair of bishops by} 14. Be2 Ng6 (
14... O-O 15. f4 Nc4 16. e5 Nd5 17. Bxc4 bxc4 18. Ne4 c3 $1 19. Bxc3 Ne3 20.
Qf2 Nxd1 21. Rxd1 c5 22. Nd6 {with very strong compensation for the exchange})
15. h4 $1 h5 16. Bg5 {with a clear advantage.}) 14... Qe6 ({After} 14... h6 15.
Bh4 b4 16. Na4 O-O 17. Nc5 {White would block important squares on the queen's
flank.}) 15. f4 Nxd3+ 16. Qxd3 O-O 17. Qd6 $6 ({It was much more precise to
improve the pawn position before the exchange of queens} 17. f5 Qe5 18. Qd6
Qxd6 19. Rxd6 Ng4 20. h3 {and the black knight is in huge trouble.}) 17... Qxd6
(17... Ng4 18. Be7 Nf2 (18... Qxd6 19. Rxd6 Rfe8 20. Rd7 Bc8 21. Rc7 Nf2 22.
Rf1 $16) 19. Bxf8 Rxf8 20. Rhf1 Nxd1 21. Rxd1 c5 22. Qxe6 fxe6 23. Nxb5 Bxe4
24. g3 {and Black would have problems with her weaknesses in the pawn
structure.}) 18. Rxd6 Ng4 19. h3 ({There was a more precise and clear way to
an advantage:} 19. Be7 $1 Rfe8 20. Rd7 Bc8 21. Rc7 a5 22. Nd1 $1) 19... Ne3 $2
({The only chance to fight for a draw was going into an opposite-coloured
bishop ending a pawn down:} 19... b4 $1 20. hxg4 bxc3 21. bxc3 c5) 20. Rd3 $6 (
{Better chances were promised by} 20. Re1 f6 (20... Nc4 21. Rd7 f6 22. Bh4 Rab8
23. Red1 Nb6 24. Rc7) 21. Rxe3 fxg5 22. fxg5 b4 23. Ne2 c5 24. Ng3) 20... Nc4
$2 ({Now Black could seriously activate her own pieces at the cost of one set
of doubled pawns:} 20... f6 21. Rxe3 fxg5 22. fxg5 b4 23. Ne2 Rf2) 21. Be7 $1
Rfe8 22. Bc5 $1 {Now the black bishop is blocked and White has retained all
other advantages of her position.} Bc8 (22... a5 {was slightly better}) 23.
Rhd1 f6 ({White obtains a great advantage after} 23... f5 24. Rd8 Be6 25. Rxa8
Rxa8 26. exf5 Bxf5 27. g4 Be6 28. Re1 Bf7 29. b3 Nb6 30. Re7) 24. b3 Na5 25.
Rd6 $1 Nb7 {Black wants to activate her own pieces slightly at the cost of a
pawn.} 26. Rxc6 Nd8 ({White would also obtain a winning position after} 26...
Nxc5 27. Rxc5 a6 28. Rc7 Be6 29. Kb2 Rad8 30. Rxd8 Rxd8 31. Kc2 $18) 27. Rc7
Ne6 28. Rxa7 Rxa7 29. Bxa7 Nxf4 30. Nxb5 Bb7 31. Nd6 Ra8 32. Be3 (32. Bc5 {
was very good:} Bc6 33. Rd2) 32... Nxg2 33. Nxb7 Nxe3 34. Rd3 Ng2 35. a4 {
White's connected pawns decide the game.} Kf7 36. a5 Nf4 37. Rd8 Ra7 38. Rd7+
Kf8 39. b4 h5 40. b5 Nxh3 41. b6 Ra6 42. Nd6 1-0

[Event "World Women-ch k.o."]
[Site "Sochi"]
[Date "2015.03.23"]
[Round "3.1"]
[White "Koneru, Humpy"]
[Black "Galliamova, Alisa"]
[Result "1-0"]
[WhiteElo "2581"]
[BlackElo "2484"]
[Annotator "Mikhalchishin,A"]
[PlyCount "75"]
[EventDate "2015.03.17"]
[EventType "k.o."]
[EventRounds "6"]
[EventCountry "RUS"]
[SourceTitle "CBM 166"]
[Source "ChessBase"]
[SourceDate "2015.05.11"]
[SourceVersion "1"]
[SourceVersionDate "2015.05.11"]
[SourceQuality "1"]

1. d4 d5 2. c4 c6 3. Nc3 Nf6 4. e3 e6 5. Nf3 Nbd7 6. Qc2 b6 7. Bd3 Bb7 8. O-O
Be7 9. b3 dxc4 10. bxc4 c5 11. Ne5 {Koneru had prepared very well against her
opponent's and trainer Aleksei Dreev's line.} ({A much more agressive approach
here is direct central break} 11. d5 exd5 12. cxd5 Nxd5 13. Nxd5 Bxd5 14. Rd1
Bf6 15. Bb5 (15. Rb1 Be6 16. Ba3 (16. e4 Qc7 17. Bg5 Ne5 18. Bb5+ Kf8 19. Nxe5
Qxe5 20. Be3 g5 21. Bd7 Kg7 22. Bxe6 Qxe6 23. Rd5 h6 {Sargissian,G (2671)
-Dreev,A (2710)/Melilla 2011 White has no real compensation for the pawn.})
16... Rc8 17. Rbc1 O-O 18. Bxh7+ Kh8 19. Be4 Qe7 20. Qa4 Ne5 21. Nd4 Bd7 22.
Qxa7 {Giri,A (2720)-Mamedyarov,S (2764)/Beijing 2012 with a very sharp position
}) (15. Be4 Bxe4 16. Qxe4+ Kf8 17. Rxd7 Qxd7 18. Qxa8+ Ke7 19. Qe4+ Kf8 20.
Qa8+ Ke7 21. Qe4+ Kf8 22. Qa8+ Ke7 {1/2 Huzman,A (2569)-Dreev,A (2679)/Yerevan
2014/ This is probably the correct evaluation of this complicated line.}) 15...
a6 16. Rxd5 axb5 17. Bb2 Bxb2 18. Rad1 Rxa2 19. Ne5 Bxe5 20. Rxe5+ Nxe5 21.
Rxd8+ Ke7 22. Qxa2 Rxd8 23. h3 b4 24. Qa7+ Nd7 25. Qb7 Kd6 {Savina,A (2325)
-Galliamova,A (2490)/Sochi 2012/ and Alisa realized her advantage}) 11... cxd4
(11... O-O 12. Bb2 Rc8 13. Rad1 cxd4 14. exd4 a6 15. a4 Re8 16. f4 g6 17. Kh1
Bf8 18. Qf2 Bg7 19. d5 exd5 20. Nxd5 Nxd5 21. cxd5 {Michelakis,G (2405)
-Kongsted,C (2246)/Copenhagen 2003/ Black has problems in defence}) 12. exd4
Nxe5 13. dxe5 Nd7 14. Bf4 g5 $5 {Galliamova starts very sharp play on the
kingside without castling.} ({Before, a much calmer way was tried:} 14... Nc5
15. Bxh7 Bg5 16. Bg3 Bh4 (16... g6 17. Bxg6 fxg6 18. Qxg6+ Kf8 19. f4 Bh6 20.
f5 Qd4+ 21. Kh1) 17. Be4 Bxg3 18. hxg3 Qd4 19. Bxb7 Nxb7 20. Qa4+ Qd7 21. Nb5
O-O 22. Rfd1 Qe7 23. Nd6 {Kovalevskaya,E (2405)-Romanko,M (2365)/Eilat 2012
with a strong white initiative}) 15. Bg3 h5 16. h3 h4 17. Bh2 g4 $6 ({Here a
better way was} 17... Qc7 18. Rad1 Nc5 19. Nb5 Qc6 20. f3 Nxd3 21. Rxd3 O-O)
18. Be4 (18. hxg4 {was even stronger:} h3 19. Be4 hxg2 20. Kxg2 Qc7 21. Bxb7
Qxb7+ 22. Qe4) 18... Bxe4 19. Qxe4 gxh3 20. Nb5 (20. Rad1 {was too risky:} hxg2
21. Rfe1 Rc8 22. Nb5 h3) 20... Rb8 $2 ({It was necessary to go to the end} 
20... hxg2 21. Qxg2 Kf8 22. Kh1 h3 23. Qb7 Rb8 24. Qf3 (24. Qxa7 Qc8 25. Qc7
Qxc7 26. Nxc7 Rc8 27. Nb5 Rh5 $17) 24... Rc8 {with an unclear position.}) 21.
gxh3 a6 ({A more logical move was} 21... Qc8 22. Nd6+ Bxd6 23. exd6 Qb7 24.
Qxb7 Rxb7 25. Rad1 Nc5) 22. Nd6+ Bxd6 23. exd6 Qg5+ 24. Kh1 Rc8 25. Rae1 $1 Kd8
26. Rg1 Qc5 27. Qf4 Qf5 {Transition into the endgame is not a big achievement
for Black here, but her king is in the centre.} (27... Qc6+ {was simply bad:}
28. f3 Rf8 29. Re4) 28. Qxf5 exf5 29. Re7 Rf8 30. Bf4 $1 {The bishop comes
into the game.} Rxc4 31. Bh6 Rh8 32. Rxf7 $1 Kc8 33. Rgg7 Nc5 34. Be3 (34. Bg5
{was possible:} Ne6 35. d7+ Kb8 36. Rh7 Rxh7 37. Rxh7 Rd4 38. Bxh4) 34... Rd8 (
34... Ne6 {did not help:} 35. Rg6) 35. Bxc5 Rxc5 36. Ra7 Kb8 37. Rgb7+ Kc8 38.
d7+ 1-0

[Event "WchT U26 02 fin-A"]
[Site "Mexico City"]
[Date "1980.08.29"]
[Round "5"]
[White "Mikhalchishin, Adrian"]
[Black "Flear, Glenn C"]
[Result "1-0"]
[WhiteElo "2490"]
[BlackElo "2320"]
[Annotator "Mikhalchishin,A"]
[PlyCount "65"]
[EventDate "1980.08.17"]
[EventType "team-tourn"]
[EventRounds "9"]
[EventCountry "MEX"]
[SourceTitle "MCD"]
[Source "ChessBase"]
[SourceDate "1999.07.01"]
[SourceVersion "1"]
[SourceVersionDate "1999.07.01"]
[SourceQuality "1"]
[WhiteTeam "Soviet Union"]
[BlackTeam "England"]
[WhiteTeamCountry "URS"]
[BlackTeamCountry "ENG"]

1. Nf3 d5 2. d4 Nf6 3. c4 e6 4. Nc3 c6 5. e3 Nbd7 6. Qc2 Bd6 7. e4 dxe4 8. Nxe4
Nxe4 9. Qxe4 e5 $6 10. dxe5 O-O 11. exd6 Re8 12. Qxe8+ Qxe8+ 13. Be3 Ne5 14.
O-O-O Nxf3 15. gxf3 Bd7 16. Bd3 Qe5 17. Rhg1 g6 18. f4 Qf6 19. f5 b6 20. Bc2
Qh4 21. Kb1 c5 22. Bg5 Qxf2 23. fxg6 hxg6 24. Rdf1 Qd4 25. Be7 a5 26. h4 Bg4
27. Bf6 Qxc4 28. h5 gxh5 $2 (28... Be2 29. Rf2 Bxh5 {Inf30}) 29. d7 Qxf1+ 30.
Rxf1 Bxd7 31. Bd1 Bg4 32. Bxg4 hxg4 33. Rh1 1-0

[Event "Olympiad-40"]
[Site "Istanbul"]
[Date "2012.09.01"]
[Round "5.2"]
[White "Beliavsky, Alexander G"]
[Black "Perunovic, Milos"]
[Result "1-0"]
[WhiteElo "2609"]
[BlackElo "2614"]
[Annotator "Mikhalchishin,A"]
[PlyCount "93"]
[EventDate "2012.08.28"]
[EventType "team-swiss"]
[EventRounds "11"]
[EventCountry "TUR"]
[SourceTitle "CBM 151"]
[Source "ChessBase"]
[SourceDate "2012.11.13"]
[SourceVersion "1"]
[SourceVersionDate "2012.11.13"]
[SourceQuality "1"]
[WhiteTeam "Slovenia"]
[BlackTeam "Serbia"]
[WhiteTeamCountry "SLO"]
[BlackTeamCountry "SRB"]

1. d4 d5 2. c4 c6 3. Nf3 Nf6 4. Nc3 e6 5. e3 Nbd7 6. Qc2 Bd6 7. b3 O-O 8. Be2
e5 9. cxd5 cxd5 10. Nb5 Bb4+ 11. Bd2 Bxd2+ 12. Nxd2 a6 ({Closing the centre
looks much more risky:} 12... e4 13. O-O (13. a4 Ne8 {/\ Qg5}) (13. Rc1 Qe7 (
13... Nb6 14. Qc7 Qxc7 15. Rxc7 Ne8 16. Rc5 Bd7 17. f3 f5 18. Kf2 Bc6 19. f4
Nd7 20. Rc3 Kf7 21. b4 Ke7 22. Na3 Nb6 23. Nb3 Nd6 24. Rhc1 Rfc8 25. Nc5 Rab8
26. Na6 Ra8 27. b5 Bd7 28. Nc5 Rab8 {1/2 Werle,J (2443)-Stellwagen,D (2464)/
Baku AZE 2002/The Week in Chess 403}) 14. Qc7 Ne8 15. Qg3 f5 16. O-O Nb6 17.
Qe5 Rf7 18. Qxe7 Rxe7 19. a4 Be6 20. f4 a6 21. Na3 Nc8 22. Rc3 Na7 23. h3 Nc6
24. Kf2 h6 {Oms Pallise,J (2506)-Beliavsky,A (2646)/Barcelona ESP 2007; with
equal play.}) 13... Nb6 (13... a6 14. Nc3 Nb6 (14... Nb8 15. b4 Nc6 16. Rfb1
$14) 15. a4 Be6 (15... Bg4 16. a5 Nc8 17. b4 $14) 16. a5 Nc8 17. b4 Ne7 18. Nb3
(18. Na4 $14) 18... Nf5 19. Rfb1 $2 (19. b5 Nh4 20. bxa6 bxa6 21. Nc5 Qc8 22.
Rfc1 $14 {/\} Bh3 $2 23. Nxd5 $1 Bxg2 24. Nxf6+ gxf6 25. Nxe4 $16) 19... Nh4
20. Nc5 {Lputian,S (2610)-Anastasian,A (2470)/Protvino (zt) 1993; with clear
advantage.}) (13... Ne8 14. Rfc1 Qg5 15. Nc7 Nxc7 16. Qxc7 Nf6 $14) 14. Qc5 Bd7
15. Nd6 Bc6 16. Rfc1 a6 17. Nf5 Re8 18. h3 g6 19. Ng3 h5 20. Bf1 Rc8 21. Qb4
Kg7 22. Rc2 Na8 $1 23. Rac1 Nc7 24. Ne2 Qd7 {Ivanchuk,V (2769)-Jumabayev,R 
(2525)/Astana KAZ 2012. The position is equal.}) 13. dxe5 Nxe5 14. Nd4 Bg4 ({
Possible is simply} 14... Bd7 15. O-O Rc8 16. Qb2 Ne4 17. Rac1 Qf6 18. f3 Nd6
19. Qa3 Nc6 20. Nxc6 Bxc6 21. Rfe1 d4 $11 {Groszpeter,A-Chandler,M/Minsk 1982})
15. Bxg4 ({It looks that a more realistic way for some prolonged play would be
} 15. f3 $5 Rc8 (15... Bh5 16. O-O Bg6 17. Qb2 Qe7 18. Rfe1 Rfe8 19. Nf1 $14)
16. Qb2 Bd7 (16... Bh5 17. O-O Bg6 18. Rfd1 Bd3 (18... Nd3 19. Bxd3 Bxd3 20.
Rac1 Qe7 21. Re1 $14) 19. Nf1) 17. O-O Qb6 $1 (17... Re8 18. Rfd1 Nc6 19. Nf1
$14) 18. Rfc1 Rfe8 (18... Nc6 19. Nf1) 19. Rxc8 Bxc8 20. Rc1 (20. Rd1 $5 Nc6
21. Nf1 $14) 20... Bd7 {Rustemov,A (2607)-Hector,J (2552)/Kobenhavn 2001; with
equal play.}) 15... Nfxg4 16. O-O Rc8 17. Qf5 ({A timid retreat is possibly
slightly better in this situation:} 17. Qd1 g6 (17... Qd6 18. N2f3 Nxf3+ 19.
Nxf3 Rc5 20. Rc1 Nf6 21. Rxc5 Qxc5 22. a4 Rc8 23. Nd4 Qd6 24. Qf3 Rc3 25. Rd1
g6 $11 {Girya,O (2414)-Javakhishvili,L (2451)Istanbul 2012}) 18. Rc1 Qd6 19.
N2f3 Nf6 20. Nxe5 Qxe5 21. Qd2 Ne4 22. Qb4 Rc7 23. Nf3 Qe7 24. Qxe7 Rxe7 25.
Rc2 Rd8 26. Rfc1 Kf8 27. h4 Ke8 28. Nd4 Nd6 29. Kf1 {Ivanchuk,V (2769)-Topalov,
V (2752)/Astana KAZ 2012. White has good chances to fight for an advantage.}) (
17. Qb2 Qf6 18. Qa3 Nc6 19. Nxc6 Qxc6 20. Rac1 Qd7 21. Nf3 Nf6 22. Ne5 Qe6 23.
Nd3 Qe4 24. Rxc8 Rxc8 25. Rc1 Re8 26. Nc5 Qe7 27. Qb2 {So,W (2667)-Giri,A 
(2690)/Malmo 2011. White has a small advantage.}) 17... g6 18. Qf4 Qe7 ({
Another setup was possible:} 18... Re8) ({Or the more dynamic} 18... h5 19. h3
Nd3 20. Qg3 Nge5 21. N2f3 Nxf3+ 22. Qxf3 Nc5 23. Rac1 Qd6) 19. Rfd1 ({White
obtained nothing after} 19. N2f3 Nxf3+ 20. Qxf3 Nf6 21. Rac1 Ne4 22. Qe2 Qa3
23. Rc2 Nd6 24. f3 Rxc2 25. Qxc2 Qa5 $11 {Gelfand,B (2733)-Morozevich,A (2747)/
Moscow 2006}) 19... Nf6 20. N2f3 Nxf3+ 21. Nxf3 ({Moves like} 21. gxf3 {
as recommended by the computer, would never be considered by an old GM.}) 21...
Rc5 22. Rac1 $1 {It is correct strategy to exchange one pair of rooks.} Rfc8
23. Rxc5 Rxc5 24. h4 Rc8 ({The active} 24... Rc2 {would be met with the more
active} 25. g4 $1 {and Black would face serious problems.}) 25. Nd4 ({Now
activity does not work:} 25. g4 Qe6 26. g5 Ne4) 25... Ne4 26. f3 ({The most
promising way is to hammer a coffin nail into Black's position:} 26. h5 b5 27.
h6) 26... Nc3 27. Rc1 h5 $6 ({It was more logical to try to support the
c3-knight:} 27... b5 28. h5 b4 29. Rc2 Re8 30. Nc6 Qxe3+ 31. Qxe3 Rxe3 32. Nxb4
d4 33. h6 $14) 28. Qg5 $5 Qe8 29. a4 b5 $2 {Wrong move which allows the
opponent to activate his own passive rook through the a-file.} ({Correct was} 
29... Qd7) 30. axb5 axb5 31. Ra1 $1 Ra8 ({The white pieces would obtain a lot
of activity after} 31... Qd7 32. Ra6) 32. Rxa8 Qxa8 33. Qf6 Qa1+ ({Another
defence was very similar:} 33... Qe8 34. Nc6 Qxe3+ 35. Kh2 Ne2 36. Ne7+ Kf8 37.
Nxg6+ Ke8 38. Qc6+ Kd8 39. Qxd5+ Kc7 40. Qxf7+ Kb6 41. Qf6+ Ka5 42. Qd8+ Ka6
43. Qd1 Qf2 44. b4 Qg3+ 45. Kh1 Qxg6 46. Qxe2 Qb1+ 47. Kh2 Qxb4 {and Black
despite being a pawn down in the queen ending would retain drawing chances due
to his passed pawn.}) 34. Kh2 Nd1 35. Qd8+ Kg7 36. Qxd5 Qc1 37. Ne2 $1 Qc2 38.
Nf4 Nc3 39. Qd4+ Kg8 40. Qd8+ Kg7 41. Qg5 $1 {After this move it becomes clear
that the white pieces are dominating the play.} Kh7 42. b4 Qd2 43. Qf6 Kg8 44.
e4 Qe1 45. Nd3 Qa1 46. Ne5 Qa7 47. Nxg6 $1 1-0

[Event "Tata Steel-A 73rd"]
[Site "Wijk aan Zee"]
[Date "2011.01.23"]
[Round "8"]
[White "Giri, Anish"]
[Black "Wang, Hao"]
[Result "1-0"]
[WhiteElo "2686"]
[BlackElo "2731"]
[Annotator "Moradiabadi,E"]
[PlyCount "83"]
[EventDate "2011.01.14"]
[EventType "tourn"]
[EventRounds "13"]
[EventCountry "NED"]
[EventCategory "20"]
[SourceTitle "CBM 141"]
[Source "ChessBase"]
[SourceDate "2011.03.17"]
[SourceVersion "1"]
[SourceVersionDate "2011.03.17"]
[SourceQuality "1"]

1. d4 d5 2. c4 c6 3. Nc3 Nf6 4. e3 a6 5. Nf3 e6 6. b3 Bb4 7. Bd2 Nbd7 8. Bd3
O-O 9. O-O Bd6 10. Re1 $1 {A strong move which will cast doubt on this line.}
dxc4 $6 $146 {This would not solve Black's problems either.} (10... e5 $6 11.
cxd5 cxd5 12. e4 exd4 13. Nxd5 Nxd5 14. exd5 Nf6 15. Rc1 $1 $146 (15. Bg5 $6 h6
16. Bxf6 Qxf6 17. Re4 Bd7 18. Rxd4 Rac8 {1/2-1/2 Huebner,R (2602)-Godena,M 
(2548)/Switzerland 2009/EXT 2011}) 15... Bg4 16. h3 Bh5 17. Bg5 $1 h6 18. Bxf6
Qxf6 19. g4 Bg6 20. Rc4 $14 {1-0 Sasikiran,K (2688)-Moradiabadi,E (2575)/
Guangzhou 2010/CB00_2011 (50)}) 11. bxc4 b6 12. Rb1 Qc7 13. a4 a5 14. Ne4 Nxe4
15. Bxe4 Bb7 16. Qc2 h6 17. Bc3 Rab8 (17... Bb4 18. c5 $1 (18. Bxb4 $2 axb4 19.
Rxb4 f5 20. Bd3 c5 $132) 18... bxc5 19. dxc5 {[%csl Rb7]} Bxc3 (19... Bxc5 20.
Qb2 {[%csl Rb7,Rg7]}) 20. Qxc3 Nf6 21. Bc2 Nd5 22. Qe5 $1 $16) (17... Rfd8 18.
h3 Bb4 19. c5 $14) 18. Red1 Ba6 19. Bh7+ $1 {An important intermediate move.}
Kh8 20. Bd3 f5 21. g3 Bb4 $2 {Right plan, wrong execution!} 22. Bxb4 ({Simpler
was} 22. Nh4 $1 Rf6 23. d5 Bxc3 24. dxe6 Nc5 25. Qxc3 Nxa4 26. Qc2 Nc5 27. Bxf5
Nxe6 28. e4 c5 29. Ng6+ Kg8 30. Bxe6+ Rxe6 31. Nf4 Ree8 32. Nd5 $16 {and
White's initiative would seal Black's fate soon!}) 22... axb4 23. Rxb4 c5 24.
Rbb1 cxd4 25. exd4 Bb7 26. d5 $1 Nc5 27. Bf1 Rbd8 28. Bg2 Rf6 29. Nd4 exd5 30.
Nb5 Qf7 31. cxd5 f4 32. a5 $1 Rc8 33. Na7 $18 Rf8 34. Rxb6 fxg3 35. Rxf6 Qxf6
36. hxg3 Nd7 37. Nc6 Qd6 38. Re1 Ba6 39. Qc3 Nc5 40. Ne5 Kg8 41. Ng6 Rf6 42.
Nf4 {A fine victory by a series of fine moves executed by Anish Giri.} 1-0

[Event "FIDE World Cup"]
[Site "Khanty-Mansiysk"]
[Date "2005.12.04"]
[Round "3.4"]
[White "Harikrishna, Pentala"]
[Black "Dreev, Alexey"]
[Result "1/2-1/2"]
[WhiteElo "2673"]
[BlackElo "2694"]
[Annotator "Mueller,Karsten"]
[PlyCount "145"]
[EventDate "2005.11.27"]
[EventType "k.o."]
[EventRounds "7"]
[EventCountry "RUS"]
[SourceTitle "CBM 111"]
[Source "ChessBase"]
[SourceDate "2006.04.04"]
[SourceVersion "1"]
[SourceVersionDate "2006.04.04"]
[SourceQuality "1"]

1. d4 d5 2. c4 c6 3. Nc3 Nf6 4. e3 e6 5. Nf3 a6 6. b3 Bb4 7. Bd2 Nbd7 8. Bd3
O-O 9. Qc2 Qe7 10. cxd5 exd5 11. Ne2 a5 12. Ng3 Re8 13. h4 Ne4 14. Bxe4 dxe4
15. Bxb4 axb4 16. Nd2 Nf6 17. h5 h6 18. Nc4 Ra6 19. Ne5 c5 20. O-O cxd4 21.
exd4 Ng4 22. Rae1 Nxe5 23. dxe5 Ra5 24. Qxe4 Rxe5 25. Qxe5 Qxe5 26. Rxe5 Rxe5
27. Rd1 Be6 28. Rd8+ Kh7 29. f3 Ra5 30. Rd2 Kg8 31. Kf2 Kf8 32. Ke3 Ke7 33. Ke4
Rg5 34. Kf4 Ra5 35. Rc2 Kd8 36. Ne4 Rf5+ 37. Ke3 Rxh5 38. Nc5 b6 39. Rd2+ Ke7
40. Na6 Re5+ 41. Kf2 Rd5 42. Re2 Rb5 43. Re4 Rd5 44. Ke3 Rg5 45. f4 Rxg2 46. f5
Rxa2 47. Nxb4 Rb2 48. fxe6 Rxb3+ 49. Kf4 fxe6 50. Rd4 g5+ 51. Ke4 Rb1 52. Nc6+
Kf6 53. Rd8 Re1+ 54. Kf3 Rf1+ 55. Ke2 Rc1 56. Rd6 h5 57. Ke3 Re1+ 58. Kf2 Rb1
59. Nb8 Rb2+ 60. Ke3 Rb3+ 61. Kd4 Rb1 62. Rc6 h4 63. Rc8 Kf5 64. Rh8 g4 65.
Rh5+ Kf4 66. Rxh4 Rd1+ 67. Kc3 Kf3 68. Rh6 g3 69. Rf6+ Kg4 70. Rxe6 $6 (70.
Rg6+ {war zäher, z.B.} Kf4 71. Na6 e5 72. Nb4 e4 $17) 70... g2 71. Rg6+ (71.
Rxb6 Kh5 72. Rb5+ Kh6 73. Rb6+ Kg7 74. Rb7+ Kh8 $19) 71... Kh3 $2 (71... Kf3
72. Rxg2 Kxg2 $19) 72. Rh6+ Kg3 73. Rg6+ $2 (73. Rxb6 g1=Q 74. Rg6+ Kf2 75.
Rxg1 Kxg1 (75... Rxg1 76. Na6 $11) 76. Na6 $11) (73. Rg6+ $2 Kf2 74. Kc4 g1=Q
75. Rxg1 Kxg1 76. Na6 Kf2 77. Kb5 Rb1+ 78. Kc6 b5 79. Kc5 Ke3 80. Nb4 Kd2 81.
Nd5 Rb3 82. Nf4 Kc2 83. Ne2 b4 84. Nd4+ Kc3 85. Nb5+ Kd3 86. Nd6 Rb2 87. Nb5
Rb1 88. Nd6 b3 89. Kb4 Kc2 90. Nb5 b2 91. Na3+ Kc1 92. Nc4 Ra1 $19) 1/2-1/2